| 000 | 00854nas a2200265 4500 | ||
|---|---|---|---|
| 001 | BR2014005118 | ||
| 003 | BR-BrBNA | ||
| 005 | 20231205124407.0 | ||
| 007 | ta | ||
| 008 | 230509b bl.|||p| |||| 00| 00por d | ||
| 040 |
_aBR-BrBNA _bpor _cBiblioteca Nacional de Agricultura |
||
| 041 | _a(Pt) | ||
| 072 | _aF01 | ||
| 100 | 1 | _aStreck, L.Uhlmann, L.O. | |
| 100 | 1 | _aFreitas, C.P. de O. de | |
| 100 | 1 | _aAndriolo, J.L. | |
| 245 | 1 | _aTuberização e produtividade de bata-doce em função de datas de plantio em clima subtropical | |
| 650 | _aBATATA DOCE | ||
| 650 | _aÉPOCA DE PLANTIO | ||
| 650 | _aPRODUTIVIDADE | ||
| 773 | 0 |
_tBragantia (Brazil) _xISSN 1678-4499 _g(2013), v. 72(4) p. 396-402 _wBR2014005118 |
|
| 856 | 4 | 0 | _uhttp://www.scielo.br/pdf/brag/v72n4/a11v72n4.pdf |
| 909 |
_a202311 _bLúcia _c55 _dLúcia Elande |
||
| 942 |
_2AGRIS _n0 _cANA |
||
| 999 |
_c238839 _d238839 |
||